| 000 | 00652nam a22001937a 4500 | ||
|---|---|---|---|
| 005 | 20241220143622.0 | ||
| 010 | _aDEC24UP ENG-143134 | ||
| 020 |
_c265.00 _a9789389664850 |
||
| 035 | _aEN-126666 | ||
| 037 | _bDBAD/PUB | ||
| 082 | _a000 | ||
| 100 |
_aLal _975520 |
||
| 245 |
_aUpkar's Jawahar Navodaya Vidyalaya Entrance Test: _bFor Admission to Class- IX/ _cby Lal & Jain |
||
| 260 |
_aAgra _bUpkar Prakashan _c2025 |
||
| 270 |
_bAgra _a1 State Bank Colony, Near Khandari, Agra-Mathura Bypass Road, _e282005 _k2530966 _k2531101 _mcare@upkar.in |
||
| 300 |
_a240p. _c27cm(pbk) |
||
| 700 |
_aJain _975521 |
||
| 942 |
_2ddc _cEN _h000 _mLAL |
||
| 999 |
_c207873 _d207873 |
||